<?xml version="1.0" encoding="UTF-8"?>
<record
    xmlns:xsi="http://www.w3.org/2001/XMLSchema-instance"
    xsi:schemaLocation="http://www.loc.gov/MARC21/slim http://www.loc.gov/standards/marcxml/schema/MARC21slim.xsd"
    xmlns="http://www.loc.gov/MARC21/slim">

  <leader>00878nam a2200229 i 4500</leader>
  <controlfield tag="001">187366</controlfield>
  <controlfield tag="003">ES-MaACL</controlfield>
  <controlfield tag="005">20250930063200.0</controlfield>
  <controlfield tag="008">170627s2010    sp ac        |||| |dspa d</controlfield>
  <datafield tag="080" ind1=" " ind2=" ">
    <subfield code="a">74/75 Puebla, Teo(083.824)</subfield>
  </datafield>
  <datafield tag="100" ind1="1" ind2=" ">
    <subfield code="a">Puebla, Teo, </subfield>
    <subfield code="d">1943-</subfield>
    <subfield code="9">163263</subfield>
  </datafield>
  <datafield tag="245" ind1="1" ind2="0">
    <subfield code="a">Puebla </subfield>
    <subfield code="b">: exposici&#xF3;n itinerante del Proyecto "Gracias" : enero-septiembre 2010 / </subfield>
    <subfield code="c">Teo Puebla.</subfield>
  </datafield>
  <datafield tag="246" ind1="1" ind2="4">
    <subfield code="i">T&#xED;t. de cub.</subfield>
    <subfield code="a">Gracias</subfield>
  </datafield>
  <datafield tag="260" ind1=" " ind2=" ">
    <subfield code="a">[Valladolid] : </subfield>
    <subfield code="b">Fundaci&#xF3;n Villalar-Castilla y Le&#xF3;n, </subfield>
    <subfield code="c">[2010]</subfield>
  </datafield>
  <datafield tag="300" ind1=" " ind2=" ">
    <subfield code="a">[74] p. : </subfield>
    <subfield code="b">principalmente il. col. y n. ; </subfield>
    <subfield code="c">35 cm + </subfield>
    <subfield code="e">1 folleto (8 p.)</subfield>
  </datafield>
  <datafield tag="600" ind1="1" ind2="7">
    <subfield code="a">Puebla, Teo, </subfield>
    <subfield code="d">1943- </subfield>
    <subfield code="v">Exposiciones</subfield>
    <subfield code="2"></subfield>
    <subfield code="9">163262</subfield>
  </datafield>
  <datafield tag="655" ind1=" " ind2="7">
    <subfield code="2">tgfbne</subfield>
    <subfield code="9">193628</subfield>
    <subfield code="a">Cat&#xE1;logos de exposiciones</subfield>
  </datafield>
  <datafield tag="710" ind1="2" ind2=" ">
    <subfield code="a">Fundaci&#xF3;n Villalar Castilla y Le&#xF3;n.</subfield>
    <subfield code="9">163261</subfield>
  </datafield>
  <datafield tag="852" ind1=" " ind2=" ">
    <subfield code="a">ES-MaACL</subfield>
    <subfield code="j">L-31722 </subfield>
    <subfield code="z">- enc. cart.</subfield>
  </datafield>
  <datafield tag="942" ind1=" " ind2=" ">
    <subfield code="2">udc</subfield>
  </datafield>
  <datafield tag="999" ind1=" " ind2=" ">
    <subfield code="c">187366</subfield>
    <subfield code="d">187366</subfield>
  </datafield>
  <datafield tag="952" ind1=" " ind2=" ">
    <subfield code="0">0</subfield>
    <subfield code="1">0</subfield>
    <subfield code="4">0</subfield>
    <subfield code="7">0</subfield>
    <subfield code="a">ATENEOM</subfield>
    <subfield code="b">ATENEOM</subfield>
    <subfield code="c">DEPO2</subfield>
    <subfield code="d">2017-06-27</subfield>
    <subfield code="e">DON</subfield>
    <subfield code="l">0</subfield>
    <subfield code="o">L-31722</subfield>
    <subfield code="p">1197765</subfield>
    <subfield code="r">2023-02-23 00:00:00</subfield>
    <subfield code="w">2023-02-23</subfield>
    <subfield code="y">MONOGRAFIA</subfield>
  </datafield>
</record>
